| 000 | 00377nam a2200145Ia 4500 | ||
|---|---|---|---|
| 008 | 151213s9999 xx 000 0 und d | ||
| 100 | _aD. A. Victor | ||
| 245 |
_aInternational Business Communication _cD. A. Victor |
||
| 260 |
_aNew York _bHerper Collins _c1992 |
||
| 300 | _a2686 p. | ||
| 650 | _aManagement | ||
| 650 | _aManagement | ||
| 700 | _aD. A. Victor | ||
| 999 |
_c1798 _d1798 |
||